| 000 | 00404nam a22001697a 4500 | ||
|---|---|---|---|
| 003 | MPLRDC | ||
| 005 | 20220104174501.0 | ||
| 008 | 210129b ||||| |||| 00| 0 eng d | ||
| 020 | _a1-85854-603-6 | ||
| 082 | _a859.6 DIS-15 | ||
| 100 | _aJ. M. BARRIE | ||
| 245 |
_aPETER PAN _c |
||
| 260 |
_a _bBRIMAX BOOKS LTD _c1998 |
||
| 300 | _b精 | ||
| 650 | _aCHILDREN LITERATURE | ||
| 942 |
_cBK _o859.6 DIS-15 |
||
| 999 |
_c59889 _d59879 |
||